The balanced scorecard (Record no. 114333)

MARC details
000 -LEADER
fixed length control field 01240cam a22002055a 4500
001 - CONTROL NUMBER
control field L156632
008 - FIXED-LENGTH DATA ELEMENTS--GENERAL INFORMATION
fixed length control field 140612s2012 xxk f 001 0 eng d
020 ## - INTERNATIONAL STANDARD BOOK NUMBER
International Standard Book Number 0875846513
035 ## - SYSTEM CONTROL NUMBER
System control number (Sirsi) u156632
041 0# - LANGUAGE CODE
Language code of text/sound track or separate title eng
050 04 - LIBRARY OF CONGRESS CALL NUMBER
Classification number 658.4 $2 18
100 1# - MAIN ENTRY--PERSONAL NAME
Personal name Kaplan, Robert S.
245 04 - TITLE STATEMENT
Title The balanced scorecard
Remainder of title translating strategy into action
260 ## - PUBLICATION, DISTRIBUTION, ETC.
Place of publication, distribution, etc. Boston
Name of publisher, distributor, etc. Harvard Business School Press
Date of publication, distribution, etc. 1996.
300 ## - PHYSICAL DESCRIPTION
Extent xi, 322 p.
Other physical details ill.
Dimensions 24 cm.
505 2# - FORMATTED CONTENTS NOTE
Formatted contents note Measurement and Management in the Information Age -- Why Does Business Need a Balanced Scorecard? -- Financial Perspective -- Customer Perspective -- Internal-Business-Process Perspective -- Learning, and Growth Perspective -- Linking Balanced Scorecard Measures to Your Strategy -- Structure and Strategy -- Achieving Strategic Alignment: From Top to Bottom -- Targets, Resource Allocation, Initiatives, and Budgets -- Feedback and the Strategic Learning Process -- Implementing a Balanced Scorecard Management Program.
520 ## - SUMMARY, ETC.
Summary, etc. This book explains management systems and how to channel energies, abilities, and specific knowledge held by people throughout the organisation toward achieving long-term strategic goals.
700 1# - ADDED ENTRY--PERSONAL NAME
Personal name Norton, David P
942 ## - ADDED ENTRY ELEMENTS (KOHA)
Suppress in OPAC 0
Holdings
Withdrawn status Lost status Source of classification or shelving scheme Damaged status Not for loan Home library Current library Shelving location Date acquired Total Checkouts Full call number Barcode Date last seen Copy number Price effective from Koha item type
    Dewey Decimal Classification     London London Staff library 14/06/2012   STAFF KAPLAN 30077469 06/08/2019 1 06/08/2019 Book